<?xml version="1.0" encoding="UTF-8"?>
<record
    xmlns:xsi="http://www.w3.org/2001/XMLSchema-instance"
    xsi:schemaLocation="http://www.loc.gov/MARC21/slim http://www.loc.gov/standards/marcxml/schema/MARC21slim.xsd"
    xmlns="http://www.loc.gov/MARC21/slim">

  <leader>01389nam a22001937a 4500</leader>
  <controlfield tag="003">OSt</controlfield>
  <controlfield tag="005">20251017182158.0</controlfield>
  <controlfield tag="008">251017b        |||||||| |||| 00| 0 eng d</controlfield>
  <datafield tag="020" ind1=" " ind2=" ">
    <subfield code="c">9588089158</subfield>
  </datafield>
  <datafield tag="100" ind1=" " ind2=" ">
    <subfield code="a">Miguel de Cervantes Saavedra</subfield>
  </datafield>
  <datafield tag="245" ind1=" " ind2=" ">
    <subfield code="a">Don Quijote de la mancha Tomo II</subfield>
  </datafield>
  <datafield tag="260" ind1=" " ind2=" ">
    <subfield code="a">Colombia</subfield>
    <subfield code="b">Casa editorial El Tiempo</subfield>
    <subfield code="c">2001</subfield>
  </datafield>
  <datafield tag="300" ind1=" " ind2=" ">
    <subfield code="a">451</subfield>
    <subfield code="c">800x800</subfield>
  </datafield>
  <datafield tag="520" ind1=" " ind2=" ">
    <subfield code="a">Don Quijote y Sancho vuelven a salir en busca de nuevas aventuras, pero ahora se enfrentan a personas que ya conocen su historia por la publicaci&#xF3;n del primer libro.
Esto hace que muchos personajes se burlen de ellos deliberadamente, inventando enga&#xF1;os para divertirse a su costa.

Sancho llega a ser nombrado &#x201C;gobernador de la &#xCD;nsula Barataria&#x201D;, pero pronto descubre que todo era una farsa.
Finalmente, Don Quijote es derrotado en duelo por el Caballero de la Blanca Luna (en realidad su amigo Sans&#xF3;n Carrasco disfrazado) y debe abandonar su vida de caballero andante.
Regresa a su aldea, recupera la cordura y muere como Alonso Quijano el Bueno, dejando atr&#xE1;s su sue&#xF1;o caballeresco.</subfield>
  </datafield>
  <datafield tag="650" ind1=" " ind2=" ">
    <subfield code="2">Que trata de la condicion y ejercicio del famoso Hidalgo don Quijote de la mancha </subfield>
  </datafield>
  <datafield tag="650" ind1=" " ind2=" ">
    <subfield code="2">Que trata de la primera salida que de su tierra hizo el ingenioso don Quijote </subfield>
  </datafield>
  <datafield tag="650" ind1=" " ind2=" ">
    <subfield code="2">Donde se cuenta la graciosa manera que tuvo don Quijote en armarse caballero </subfield>
  </datafield>
  <datafield tag="942" ind1=" " ind2=" ">
    <subfield code="2">ddc</subfield>
    <subfield code="c">BK</subfield>
    <subfield code="n">0</subfield>
  </datafield>
  <datafield tag="952" ind1=" " ind2=" ">
    <subfield code="0">0</subfield>
    <subfield code="1">0</subfield>
    <subfield code="2">ddc</subfield>
    <subfield code="4">0</subfield>
    <subfield code="7">0</subfield>
    <subfield code="8">F02</subfield>
    <subfield code="a">ISUS</subfield>
    <subfield code="b">ISUS</subfield>
    <subfield code="c">Biblioteca Abierta</subfield>
    <subfield code="d">2025-10-17</subfield>
    <subfield code="i">0439</subfield>
    <subfield code="l">0</subfield>
    <subfield code="o">LECTURA</subfield>
    <subfield code="p">BIBLIO0439</subfield>
    <subfield code="r">2025-10-17 18:25:15</subfield>
    <subfield code="t">1</subfield>
    <subfield code="w">2025-10-17</subfield>
    <subfield code="y">BK</subfield>
  </datafield>
  <datafield tag="999" ind1=" " ind2=" ">
    <subfield code="c">2009</subfield>
    <subfield code="d">2009</subfield>
  </datafield>
</record>
